BIBLIOTECA

SENCICO

Replateos de Obra : Curvas de Transición , Clotoides , Acuerdos Verticales 14 (Registro nro. 566)

Detalles MARC
000 -LEADER
fixed length control field 00683nam a2200253Ia 4500
005 - DATE AND TIME OF LATEST TRANSACTION
control field 20251020182442.0
008 - FIXED-LENGTH DATA ELEMENTS--GENERAL INFORMATION
fixed length control field 200515s9999 xx 000 0 und d
020 ## - INTERNATIONAL STANDARD BOOK NUMBER
International Standard Book Number 978-84-96486-84-3
082 ## - DEWEY DECIMAL CLASSIFICATION NUMBER
Classification number 528.786/D74
100 ## - MAIN ENTRY--PERSONAL NAME
Personal name Domínguez Sánchez, Ángeles
245 #0 - TITLE STATEMENT
Title Replateos de Obra : Curvas de Transición , Clotoides , Acuerdos Verticales 14
250 ## - EDITION STATEMENT
Edition statement 1a ed.
260 ## - PUBLICATION, DISTRIBUTION, ETC.
Place of publication, distribution, etc. Madrid
260 ## - PUBLICATION, DISTRIBUTION, ETC.
Name of publisher, distributor, etc. Bellisco Ediciones Técnicas y Científicas
260 ## - PUBLICATION, DISTRIBUTION, ETC.
Date of publication, distribution, etc. 2009
300 ## - PHYSICAL DESCRIPTION
Extent 159 p.
300 ## - PHYSICAL DESCRIPTION
Other physical details il., tbl.
490 ## - SERIES STATEMENT
Series statement BIBLIOTECA TÈCNICA UNIVERSITARIA
500 ## - GENERAL NOTE
General note 1 ejemplar
650 ## - SUBJECT ADDED ENTRY--TOPICAL TERM
Topical term or geographic name entry element GEODESIA
650 ## - SUBJECT ADDED ENTRY--TOPICAL TERM
Topical term or geographic name entry element TOPOGRAFIA
942 ## - ADDED ENTRY ELEMENTS (KOHA)
Koha item type Libros
Existencias
Fecha de la última vez que lo usaron Pago total Signatura topográfica completa Código de barras Precio efectivo desde Tipo de documento Estado perdido Estado dañado No es para préstamo Retirado Ubicación permanente Ubicación actual Fecha de adquisición
15/05/2020   528.786/D74 Bib-Lima15050566 15/05/2020 Libros         Biblioteca Central Lima Biblioteca Central Lima 15/05/2020